Výnosy z výroby elektriny v Gabčíkove zmenia adresáta

Neschopnosť usporiadania majetkových vzťahov na vodnom diele Gabčíkovo. Snaha oživenia finančných tokov medzi energetickou a vodohospodárskou časťou Gabčíkova. Problémy s financovaním vodného diela. Snaha o majetkové urovnanie. Rôzne názory ministerstiev pôdohospodárstva, hospodárstva a financií.

Enregistré dans:
Détails bibliographiques
Auteur principal: Baťo, Rado
Format: Chapitre de livre
Langue:slovaque
Sujets:
Tags: Ajouter un tag
Pas de tags, Soyez le premier à ajouter un tag!

MARC

LEADER 00000naa a2200000 4500
001 r041237
005 20230921110959.7
041 0 |a slo 
044 |a SK 
245 1 0 |a Výnosy z výroby elektriny v Gabčíkove zmenia adresáta  |c Rado Baťo 
520 |a Neschopnosť usporiadania majetkových vzťahov na vodnom diele Gabčíkovo. Snaha oživenia finančných tokov medzi energetickou a vodohospodárskou časťou Gabčíkova. Problémy s financovaním vodného diela. Snaha o majetkové urovnanie. Rôzne názory ministerstiev pôdohospodárstva, hospodárstva a financií. 
610 2 0 |a diela vodné 
610 2 0 |a cash flow 
610 2 0 |a financovanie 
610 2 0 |a vodohospodárstvo 
610 2 0 |a energetika 
610 2 0 |a výnosy 
610 2 0 |a výroba 
610 2 0 |a elektrina 
610 2 0 |a Gabčíkovo 
610 2 0 |a Slovensko 
610 2 0 |a Maďarsko 
100 1 |a Baťo, Rado